MARC

LEADER 00000nam0a2200000 4500
001 672522
005 20240516095740.0
035 |a (RuTPU)RU\TPU\book\134765 
090 |a 672522 
100 |a 20240516d1935 km|y0rusy50 ca 
101 0 |a rus 
102 |a RU 
105 |a a z 001zy 
181 0 |a i   |b  e  
182 0 |a n 
183 0 |a nc  |2 RDAcarrier 
200 1 |a К теории гребного винта  |f Центральный аэрогидродинамический институт ; Н. Н. Поляхов 
210 |a Москва  |c Издание Центрального аэро-гидродинамического института  |d 1935 
215 |a 32 с.  |c ил. 
225 1 |a Труды Центрального аэро-гидродинамического института  |v Вып. 184 
283 |a volume 
606 |a Аэродинамические установки  |2 stltpush  |3 (RuTPU)RU\TPU\subj\29887  |9 53119 
610 1 |a теория винта 
610 1 |a винт типа Н. Е. Ж. 
610 1 |a переменная циркуляция 
610 1 |a произвольная циркуляция 
610 1 |a распределение 
610 1 |a лопасти 
610 1 |a струи 
610 1 |a сжатие 
675 |a 533.6.07  |v 3 
700 |a Поляхов  |b Н. Н. 
712 0 2 |a Центральный аэрогидродинамический институт (ЦАГИ)  |c (Москва)  |3 (RuTPU)RU\TPU\col\4446 
801 1 |a RU  |b 63413507  |c 20240516  |g PSBO 
801 2 |a RU  |b 63413507  |c 20240516  |g PSBO 
942 |c CR